01151nam a2200313 i 4500001001000000003000900010005001700019007000300036008004100039040003000080082002800110110007000138245021900208264003400427300004300461336002700504337003300531338002800564490002500592650002300617650002900640650003000669650002600699700002200725700003200747700002600779700002900805830000300834000000699DO-SdBNP20230919112351.0ta090422s1975 dr a 000 0 spa d aDO-SdBNPbspacBNPHUerda 4a613.9071bI59a 19752222 aInstituto Nacional de Educación Sexual (República Dominicana)10aAparato reproductor :bhigiene y trastornos /crevisión médica Olga Baéz Berg, Bienvenido Delgado Billini, Humberto Sangiovanni ; dirección y redacción Bienvenido Delgado Billini, Amable Rosario García. aSanto Domingo :bINES,c1975. a66 paginas. :bilustraciones ;c21 cm. 2rdacontentatextobtxt 2rdamediaasin mediaciónbn 2rdacarrieravolumenbnc1 afolleto popular ;v2 4aEducación sexual 4aAparato genital femenino 4aAparato genital masculino 4aReproducción humana1 aBaéz Berg, Olga1 aDelgado Billini, Bienvenido1 aSangiovanni, Humberto1 aRosario García, Amable